Tilastot visalle Satunnaisia Aasian pääkaupunkeja valtioiden mukaan

Klikkaa tästä pelataksesi tätä visaa!

Yleistilastot

  • Tätä visaa on pelattu 218 kertaa
  • Keskiarvotulos 8 / 10

Vastaustilastot

ValtioPääkaupunki% Oikein
TurkkiAnkara
100%
JapaniTokio
100%
IntiaNew Delhi
97%
KiinaPeking
97%
Etelä-KoreaSoul
97%
ThaimaaBangkok
96%
IsraelJerusalem
93%
KyprosNikosia
93%
SingaporeSingapore
93%
KuwaitKuwait
92%
IndonesiaJakarta
91%
MalediivitMalé
91%
FilippiinitManila
91%
IranTeheran
90%
NepalKathmandu
89%
Saudi-ArabiaRiad
89%
VietnamHanoi
88%
TaiwanTaipei
87%
Yhdistyneet arabiemiirikunnatAbu Dhabi
86%
IrakBagdad
86%
MongoliaUlaanbaatar
86%
LibanonBeirut
85%
SyyriaDamaskos
85%
PakistanIslamabad
85%
MalesiaKuala Lumpur
83%
QatarDoha
81%
JemenSanaa
81%
KazakstanAstana
79%
AfganistanKabul
79%
Pohjois-KoreaPjongjang
79%
LaosVientiane
79%
ArmeniaJerevan
78%
JordaniaAmman
75%
AzerbaidžanBaku
73%
BangladeshDhaka
73%
GeorgiaTbilisi
73%
Itä-TimorDili
71%
KambodžaPhnom Penh
71%
BhutanThimphu
71%
KirgisiaBiškek
68%
OmanMasqat
67%
BruneiBandar Seri Begawan
61%
TadžikistanDušanbe
61%
UzbekistanTaškent
61%
Sri LankaKotte
59%
TurkmenistanAšgabat
57%
BahrainManama
47%
MyanmarNaypyidaw
41%

Tulosjakauma

Persentiili vastausten määrän mukaan

Jokaisen tuloksen saaneiden osuus

Tuloshistoriasi

Et ole pelannut tätä visaa